| 000 | 00958nam a2200229 a 4500 | ||
|---|---|---|---|
| 001 | 000042058 | ||
| 005 | 20201002035920.0 | ||
| 008 | 131112s2000 sp ac 000 0 spa d | ||
| 020 | _a8400078993 | ||
| 040 |
_aDO-SdBNP _bspa _cBNPHU |
||
| 082 |
_axxxx _bxxxx |
||
| 245 | 0 | 0 |
_aL'urbanisme dans 1' Occident musulman au Moyen Äge : aspects juridiques : _bactes recueillis et préparés par Patrice Cressier, Maribel Fierro et Jean-Pierre van Stäevel. |
| 260 |
_aMadrid : _bCasa de Velázquez, _bCSIC., _c2000. |
||
| 300 |
_a292 p. : _bil., mapas ; _c24 cm. |
||
| 500 | _aTít. del lomo: L'urbanisme dans l'Occident musulman | ||
| 500 | _aIncluye referencias bibliográficas y notas al pie de las páginas | ||
| 500 | _aTextos en francés y en español | ||
| 710 | 2 | 2 |
_aConsejo superior de investigaciones científicas(España) _969049 |
| 700 | 1 | 2 |
_aCressier, Patrice _967652 |
| 700 | 1 | 2 |
_aFierro, Maribel _968311 |
| 700 | 1 | 2 |
_aStaëvel, Jean-Pierre van _969050 |
| 999 |
_c41547 _d41547 |
||